000 01877cam a22003735i 4500
999 _c26982
_d26954
001 15180676
003 EG-ScBUE
005 20200209124216.0
008 080214s2008 mnu f b s001 0 eng d
020 _a9780816654475 (pbk. : alk. paper)
020 _a0816654476
035 _a(OCoLC)ocn192109805
040 _aDLC
_beng
_erda
_cDLC
_dBAKER
_dC#P
_dYDXCP
_dBTCTA
_dGZW
_dIAY
_dHEBIS
_dDLC
_dEG-ScBUE
082 0 4 _a801.950904
_bEAG
_222
100 1 _aEagleton, Terry,
_d1943-
_eauthor.
_939123
245 1 0 _aLiterary theory :
_ban introduction ; with a new preface /
_cTerry Eagleton.
250 _aAnniversary edition.
264 1 _aMinneapolis :
_bUniversity of Minnesota Press,
_c2008.
300 _axii, 234 pages ;
_c23 cm
336 _atext
_btxt
_2rdacontent
337 _aunmediated
_bn
_2rdamedia
338 _avolume
_bnc
_2rdacarrier
504 _aIncludes bibliographical references and index.
505 0 _aIntroduction: what is literature? -- The rise of English -- Phenomenology, hermeneutics, reception theory -- Structuralism and semiotics -- Post-structuralism -- Psychoanalysis -- Conclusion: political criticism.
520 _aThis classic work covers all of the major movements in literary studies in this century. Noted for its clear, engaging style and unpretentious treatment, Literary Theory has become the introduction of choice for anyone interested in learning about the world of contemporary literary thought.
650 7 _aCriticism
_xHistory
_y20th century.
_2BUEsh
650 7 _aLiterature
_xHistory and criticism
_xTheory, etc.
_2BUEsh
_95271
651 _2BUEsh
653 _bHHUUEENN
_cNovember2018
655 _vReading book
856 4 1 _3Table of contents only
_uhttp://www.loc.gov/catdir/toc/ecip0811/2008006964.html
856 4 2 _3Publisher description
_uhttp://www.loc.gov/catdir/enhancements/fy1012/2008006964-d.html
942 _2ddc
_cBB